000 00417 a2200157 4500
003 NUST
005 20230317163034.0
040 _cNust
082 _a920,ABB
100 _aAbbasi, Qamer Ali
_9110527
245 _aDilli door hai /دلی دور ہے (Urdu) /
_cQamar Ali Abbasi
260 _aKarachi
_bFazli Sons
_c1998
300 _a305:p.
650 _aUrdu Literature
_xBiography
_9110528
942 _2ddc
_cBK
_k920,ABB
999 _c187860
_d187860